000 00721cam a2200229 a 4500
001 12328648
005 20180209033435.0
008 010227s2001 mnua 001 0 eng
010 _a 2001266428
020 _a0314249958 (alk. paper)
040 _aDLC
_cDLC
_dDLC
041 _aeng
043 _an-us---
080 _a346.7302 ROB
082 0 0 _a346.7302 ROB
_221
100 1 _a13
101 _aLAW
245 1 0 _aContract and related obligation :
_cby Robert S. Summers, Robert A. Hillman.
906 _a7
_bcbc
_corigcop
_d2
_encip
_f20
_gy-gencatlg
942 _2ddc
_cBK
999 _c42208
_d42208